Literary Surnames Quiz Stats

 Plays Quiz Updated Jan 27, 2019

Support Sporcle.
Go Orange.
Score 0/20 Timer 06:00
0 Plays Today
Title/First name(s) Surname % Correct
Albus Percival Wulfric BrianDumbledore
81.9%
Dr. JohnWatson
73.1%
JayGatsby
71.4%
Mr. FitzwilliamDarcy
68.1%
Madame EmmaBovary
50.4%
Lady ConstanceChatterley
37.8%
Dr. HenryJekyll
35.9%
Dr. YuriZhivago
35.3%
Mr. EdwardHyde
34.4%
Mrs. ClarissaDalloway
34.1%
Title/First name(s) Surname % Correct
AuricGoldfinger
31%
The Rt. Hon. BertramWooster
25.6%
ReginaldJeeves
25.2%
Inspector EndeavourMorse
21.2%
Augusta Fairfax, LadyBracknell
9.7%
Mr. WilkinsMicawber
8.2%
Harold C. 'Rabbit'Angstrom
6.5%
Moses E.Herzog
5.6%
Sir EdwardWaverley
2.9%
Madame SerenaMerle
1.4%

From the Vault

Gimme 5: Musicals

by Pedro188

Tickets to five musicals sounds like it would cost a lot of money.
Remove Ads.
Support Sporcle.
Get the best of Sporcle when you Go Orange. This ad-free experience offers more features, more stats, and more fun while also helping to support Sporcle. Thank you for becoming a member.

Show Comments

Extras

Top Quizzes Today


Score Distribution

Your Account Isn't Verified!

In order to create a playlist on Sporcle, you need to verify the email address you used during registration. Go to your Sporcle Settings to finish the process.

Report this User

Report this user for behavior that violates our Community Guidelines.

Details: